000 00449nam a22001697a 4500
999 _c22292
_d22292
003 BDDh-ASL
005 20231015030119.0
008 210224s1872 ii ||||| |||| 00| 0 eng d
040 _aBDDh-ASL
_cBDDh-ASL
082 _a954
_bLEH
100 1 _93196
_aLethbridge, E.
245 1 0 _aA History of India /
260 _aCalcutta:
_bThacker Spink and Co.,
_c1872.
300 _a249 p. :
_c18 cm.
651 0 _9722
_aIndia
_xHistory
942 _2ddc
_cBK